[Event "Al Ain rapid"]
[Site "Al Ain"]
[Date "2014.12.18"]
[Round "3"]
[White "Harikrishnan, Samyuktha"]
[Black "Sidharth, Balaji Sridharan"]
[Result "1-0"]
[WhiteElo "1527"]
[BlackElo "1108"]
[PlyCount "70"]
[EventDate "2014.12.18"]
[EventType "swiss (rapid)"]
[EventRounds "7"]
[EventCountry "UAE"]
[SourceTitle "EXT 2016"]
[Source "ChessBase"]
[SourceDate "2015.10.08"]
[SourceVersion "1"]
[SourceVersionDate "2015.10.08"]
[SourceQuality "1"]

1. e4 c5 2. Nf3 g6 3. d4 cxd4 4. Nxd4 Nc6 5. Nc3 Bg7 6. Be3 d6 7. Be2 Nf6 8. 0-0 0-0 9. f4 Qb6 10. Rb1 Nxe4 11. Nf5 Nxc3 12. bxc3 Qc7 13. Nxg7 Kxg7 14. Qd2 Kg8 15. Bd3 f5 16. Bc4+ e6 17. Rfd1 d5 18. Bb3 Na5 19. Bd4 Nxb3 20. cxb3 Bd7 21. Be5 Qc5+ 22. Kh1 Rac8 23. c4 Bc6 24. Rbc1 Rcd8 25. b4 Qe7 26. c5 Rfe8 27. Qd4 Rd7 28. Bd6 Qg7 29. Be5 Qf7 30. Re1 Bb5 31. Re3 Bc4 32. a4 Bb3 33. b5 Bc4 34. Rce1 Qe7 35. Bd6 Qf7 1-0

[Event "Al Ain rapid"]
[Site "Al Ain"]
[Date "2014.12.18"]
[Round "4"]
[White "Tagelsir, Abubaker"]
[Black "Harikrishnan, Samyuktha"]
[Result "1-0"]
[WhiteElo "2064"]
[BlackElo "1527"]
[PlyCount "55"]
[EventDate "2014.12.18"]
[EventType "swiss (rapid)"]
[EventRounds "7"]
[EventCountry "UAE"]
[SourceTitle "EXT 2016"]
[Source "ChessBase"]
[SourceDate "2015.10.08"]
[SourceVersion "1"]
[SourceVersionDate "2015.10.08"]
[SourceQuality "1"]

1. e4 e5 2. Nf3 Nc6 3. d4 exd4 4. Bc4 Nf6 5. e5 d5 6. Bb5 Bb4+ 7. c3 dxc3 8. bxc3 Qe7 9. 0-0 Nd7 10. cxb4 Qxb4 11. Qxd5 Nb6 12. Bxc6+ Nd7 13. Bxd7+ Bxd7 14. Ba3 Qb6 15. Nbd2 0-0-0 16. Be7 Be6 17. Qe4 Rd7 18. Rab1 Qa6 19. Bh4 g6 20. Bf6 Re8 21. Rbc1 Qxa2 22. Ra1 Qb2 23. Rfb1 Qxb1+ 24. Qxb1 Bf5 25. Rxa7 Rxd2 26. Qxb7+ Kd7 27. Qxc7+ Ke6 28. Qxf7# 1-0